Estatísticas para Música

Clique aqui para jogar o quiz

Estatísticas Gerais

  • Esse quiz foi jogado 46 vezes
  • A pontuação média é 7 de 15

Estatísticas das Respostas

HintResposta% Correto
Easy on MeAdele
83%
Girl on FireAlicia Keys
63%
CreepRadiohead
63%
WannabeSpice Girls
63%
Mama MiaABBA
61%
Let Her GoPassenger
61%
Your SongElton John
54%
ShiversEd Sheeran
51%
Hung UpMadonna
32%
Wake Me Up Before You Go-goWham!
32%
WhistleFlo Rida
27%
Some NightsFun
27%
TornNatalie Imbruglia
20%
Tacones RojosSebastian Yatra
10%
Love SongSara Bareilles
7%

Distribuição das Pontuações

Percentil de Números Respondidos

Porcentagem de Pessoas com Cada Pontuação

Sua Pontuação Histórica

Você não jogou esse quiz